|
|
|
|
| LEADER |
00000 a2200000 4500 |
| 003 |
005199 |
| 005 |
20221231143746.0 |
| 008 |
140114s1979 cr a m 000 ||s d |
| 040 |
|
|
|c cru CEDI
|
| 090 |
|
|
|a TFG 1136
|
| 100 |
|
|
|a Castrillo Brenes, Rodolfo
|9 15654
|
| 245 |
|
|
|a Turbina Banki. Laboratorio de pruebas
|
| 260 |
|
|
|c 1979
|a [San José, Costa Rica]
|
| 300 |
|
|
|a 97 hojas : ilustraciones (algunas plegables) ; 28 cm
|
| 500 |
|
|
|a Proyecto de graduación (licenciatura en ingeniería mecánica)--Universidad de Costa Rica. Facultad de Ingeniería. Escuela de Ingeniería Mecánica
|
| 650 |
|
|
|x TURBINAS
|9 15656
|
| 700 |
|
|
|9 15657
|a Chi Chang, José P.
|
| 942 |
|
|
|c TFG
|
| 999 |
|
|
|c 11384
|d 11384
|